Технологии общения как ресурс управления организацией; Энергия молодых - экономике России; [Ч. 1]

Bibliographic Details
Parent link:Энергия молодых - экономике России: труды VIII Международной научно-практической конференции студентов и молодых ученых, г. Томск, 19-22 марта 2007 г./ Томский политехнический университет (ТПУ) ; Вольное экономическое общество России (ВЭО России) ; Международный союз экономистов (МСЭ).— , 2007
[Ч. 1].— 2007.— С. 406-407
Main Author: Антонова Т. П.
Other Authors: Попова Л. Л., Попова Л. Л. Людмила Львовна
Language:Russian
Published: 2007
Subjects:
Format: Book Chapter
KOHA link:https://koha.lib.tpu.ru/cgi-bin/koha/opac-detail.pl?biblionumber=133164

MARC

LEADER 00000naa2a2200000 4500
001 133164
005 20231031135232.0
035 |a (RuTPU)RU\TPU\book\144293 
090 |a 133164 
100 |a 20080313d2007 k y0rusy50 ca 
101 0 |a rus 
102 |a RU 
200 1 |a Технологии общения как ресурс управления организацией  |f Т. П. Антонова, Л. Л. Попова 
320 |a Библиогр.: 4 назв. 
461 0 |0 (RuTPU)RU\TPU\book\169966  |t Энергия молодых - экономике России  |o труды VIII Международной научно-практической конференции студентов и молодых ученых, г. Томск, 19-22 марта 2007 г.  |f Томский политехнический университет (ТПУ) ; Вольное экономическое общество России (ВЭО России) ; Международный союз экономистов (МСЭ)  |d 2007 
463 0 |0 (RuTPU)RU\TPU\book\136477  |t [Ч. 1]  |v С. 406-407  |d 2007 
610 1 |a общение 
610 1 |a управление 
610 1 |a организации 
610 1 |a менеджеры 
610 1 |a технология общения 
610 1 |a процедура 
610 1 |a труды учёных ТПУ 
700 1 |a Антонова  |b Т. П. 
701 1 |a Попова  |b Л. Л. 
701 1 |a Попова  |b Л. Л.  |c специалист в области гуманитарных наук  |c доцент Томского политехнического университета  |c кандидат философских наук  |f 1949-  |g Людмила Львовна  |2 stltpush  |3 (RuTPU)RU\TPU\pers\28599  |4 070 
801 1 |a RU  |b 63413507  |c 20080313  |g PSBO 
801 2 |a RU  |b 63413507  |c 20161007  |g RCR 
942 |c BK